[Event "HUN-chT1 Charousek 2223"]
[Site "Hungary"]
[Date "2022.11.20"]
[Round "1.11"]
[White "Toth, Tibor"]
[Black "Palla, Gyorgy"]
[Result "0-1"]
[WhiteElo "1945"]
[BlackElo "1979"]
[PlyCount "62"]
[EventDate "2022.11.20"]
[EventType "team-tourn"]
[EventRounds "9"]
[EventCountry "HUN"]
[SourceTitle "EXT 2025"]
[Source "ChessBase"]
[SourceDate "2024.10.14"]
[SourceVersion "1"]
[SourceVersionDate "2024.10.14"]
[SourceQuality "1"]
[WhiteTeam "Haladas II"]
[BlackTeam "Balatonfuered"]
[WhiteTeamCountry "HUN"]
[BlackTeamCountry "HUN"]

1. a3 e5 2. d4 exd4 3. Nf3 d5 4. Bg5 f6 5. Bf4 Bd6 6. Bxd6 Qxd6 7. Nxd4 c5 8. Nb3 Ne7 9. Nc3 b6 10. e3 0-0 11. Qd2 Nbc6 12. 0-0-0 Rd8 13. Be2 Be6 14. Bf3 Ne5 15. Qe2 Rac8 16. Qa6 Qb8 17. h3 Rd6 18. Nb5 Rd7 19. Qa4 a5 20. Qf4 d4 21. Kb1 d3 22. Nc1 N7g6 23. Qg3 c4 24. Nd4 dxc2+ 25. Nxc2 c3 26. b3 Rd2 27. Be2 a4 28. Rxd2 cxd2 29. Nd3 axb3 30. Nd4 Qc7 31. Rd1 Qc2+ 0-1

[Event "HUN-chT2 Szechenyi 2122"]
[Site "Hungary"]
[Date "2022.04.10"]
[Round "9.7"]
[White "Talaber, Istvan"]
[Black "Toth, Tibor"]
[Result "0-1"]
[WhiteElo "1706"]
[BlackElo "1946"]
[PlyCount "138"]
[EventDate "2021.10.10"]
[EventType "team-tourn"]
[EventRounds "9"]
[EventCountry "HUN"]
[SourceTitle "EXT 2025"]
[Source "ChessBase"]
[SourceDate "2024.10.14"]
[SourceVersion "1"]
[SourceVersionDate "2024.10.14"]
[SourceQuality "1"]
[WhiteTeam "Sarvar"]
[BlackTeam "Haladas III"]
[WhiteTeamCountry "HUN"]
[BlackTeamCountry "HUN"]

1. e4 d5 2. exd5 Nf6 3. Nc3 Nxd5 4. Qf3 e6 5. Bb5+ Bd7 6. Bxd7+ Qxd7 7. Nxd5 Qxd5 8. Qxd5 exd5 9. d4 Bd6 10. Nf3 Nc6 11. Bd2 0-0 12. 0-0 Rfe8 13. Rfe1 f6 14. a3 Kf7 15. h3 Re4 16. Bc3 Rae8 17. Kf1 h5 18. Nd2 R4e6 19. Rxe6 Rxe6 20. Re1 g5 21. Rxe6 Kxe6 22. Ke2 Ne7 23. Nb3 b6 24. Bb4 Nf5 25. g4 Ng7 26. Bxd6 Kxd6 27. Ke3 h4 28. Nc1 Ne6 29. Nd3 c5 30. dxc5+ bxc5 31. f3 c4 32. Nf2 Ke5 33. b3 Nd4 34. bxc4 dxc4 35. c3 Nc2+ 36. Kd2 Nxa3 37. Ne4 Nb5 38. Ke3 Nc7 39. Kd2 Nd5 40. Ke1 a5 41. Nd2 Nb6 42. Ke2 a4 43. Nb1 Nd5 44. Kf2 Nf4 45. Ke3 Nxh3 46. Nd2 Kd5 47. Nb1 Nf4 48. Na3 Nd3 49. Ke2 Nc1+ 50. Ke3 Kc5 51. Nc2 Na2 52. f4 Nxc3 53. fxg5 fxg5 54. Kf3 Nb5 55. Ke3 a3 56. Kf2 a2 57. Kg2 Nd4 58. Na1 Nb3 59. Nc2 a1Q 60. Ne3 Qd4 61. Nf1 Qxg4+ 62. Kh1 Qf3+ 63. Kg1 Qxf1+ 64. Kxf1 c3 65. Kf2 c2 66. Kg2 g4 67. Kh2 c1Q 68. Kg2 Qd2+ 69. Kh1 g3 0-1

[Event "HUN-chT2 Szechenyi 1516"]
[Site "Hungary"]
[Date "2015.11.08"]
[Round "4.6"]
[White "Toth, Tibor"]
[Black "Kocsis, Attila"]
[Result "1-0"]
[WhiteElo "1991"]
[BlackElo "1842"]
[PlyCount "69"]
[EventDate "2015.09.13"]
[EventType "team-tourn"]
[EventRounds "11"]
[EventCountry "HUN"]
[SourceTitle "CBM 170 Extra"]
[Source "ChessBase"]
[SourceDate "2016.02.25"]
[SourceVersion "1"]
[SourceVersionDate "2016.02.25"]
[SourceQuality "1"]
[WhiteTeam "HVSE Infraplan"]
[BlackTeam "Szechenyi ESE"]
[WhiteTeamCountry "HUN"]
[BlackTeamCountry "HUN"]

1. e4 d6 2. Nf3 Nf6 3. Nc3 g6 4. d4 Bg7 5. h3 0-0 6. Be2 Nc6 7. 0-0 e5 8. Be3 exd4 9. Nxd4 Bd7 10. f4 Re8 11. Bf3 Nxd4 12. Bxd4 c5 13. Bxf6 Bxf6 14. Qxd6 Bd4+ 15. Kh1 b5 16. e5 Rb8 17. Ne4 Re6 18. Nf6+ Rxf6 19. exf6 Rb6 20. Qd5 Qc7 21. c3 Bxf6 22. Qd2 b4 23. Rad1 Ba4 24. Rc1 Rd6 25. Qe3 Bb5 26. c4 Bd4 27. Qe2 Bd7 28. Bd5 Be6 29. Be4 f5 30. Bf3 Bf7 31. Rfe1 Re6 32. Qd2 Rxe1+ 33. Rxe1 Bxc4 34. Rc1 Bxa2 35. Qxd4 1-0

[Event "HUN-chT2 Barcza 1415"]
[Site "Hungary"]
[Date "2014.11.30"]
[Round "?"]
[White "Toth, Tibor"]
[Black "Papp, Laszlo"]
[Result "0-1"]
[WhiteElo "1781"]
[BlackElo "1763"]
[PlyCount "96"]
[EventDate "2014.09.07"]
[EventType "team-tourn"]
[EventRounds "11"]
[EventCountry "HUN"]
[SourceTitle "EXT 2016"]
[Source "ChessBase"]
[SourceDate "2015.10.08"]
[SourceVersion "1"]
[SourceVersionDate "2015.10.08"]
[SourceQuality "1"]
[WhiteTeam "Piremon"]
[BlackTeam "Nyiregyhaza"]
[WhiteTeamCountry "HUN"]
[BlackTeamCountry "HUN"]

1. d4 d5 2. c4 c6 3. Nc3 e6 4. Nf3 Nf6 5. Bg5 Be7 6. e3 0-0 7. Bd3 h6 8. Bh4 dxc4 9. Bxc4 b5 10. Bd3 Bb7 11. Qc2 Nbd7 12. Bxf6 Nxf6 13. 0-0 a6 14. Ne4 Nd5 15. Nc5 Bxc5 16. Qxc5 a5 17. Ne5 Rc8 18. Qa7 f6 19. Ng6 Rf7 20. a3 c5 21. e4 Nb4 22. axb4 Bxe4 23. Qxa5 Bxd3 24. Qxd8+ Rxd8 25. Nf4 Bxf1 26. Kxf1 cxd4 27. Nxe6 Re8 28. Nxd4 Re4 29. Nxb5 Rxb4 30. Nd6 Rf8 31. Ra2 Rd8 32. Nf5 Rdb8 33. Ra7 R4b7 34. Rxb7 Rxb7 35. h4 Rxb2 36. h5 Rb5 37. g4 Re5 38. f3 Kf7 39. f4 Ra5 40. Kf2 Ra3 41. Nh4 Rb3 42. Nf3 Rb5 43. Nd4 Ra5 44. Ke3 g6 45. hxg6+ Kxg6 46. Kf3 Ra3+ 47. Ke4 Rg3 48. g5 hxg5 0-1

[Event "HUN-chT2 Charousek 1112"]
[Site "Hungary"]
[Date "2012.05.20"]
[Round "11"]
[White "Toth, Tibor"]
[Black "Farkas, Richard"]
[Result "1/2-1/2"]
[WhiteElo "1957"]
[BlackElo "2009"]
[PlyCount "41"]
[EventDate "2011.09.25"]
[EventType "team-tourn"]
[EventRounds "11"]
[EventCountry "HUN"]
[SourceTitle "EXT 2013"]
[Source "ChessBase"]
[SourceDate "2012.11.22"]
[SourceVersion "1"]
[SourceVersionDate "2012.11.22"]
[SourceQuality "1"]
[WhiteTeam "Haladas II"]
[BlackTeam "Budapest MTK"]
[WhiteTeamCountry "HUN"]
[BlackTeamCountry "HUN"]

1. e4 c5 2. Nf3 d6 3. d4 cxd4 4. Qxd4 Nc6 5. Bb5 Bd7 6. Bxc6 Bxc6 7. Nc3 Nf6 8. Bg5 e6 9. 0-0-0 Be7 10. h4 h6 11. Bxf6 gxf6 12. Qd3 a6 13. Nd4 Bd7 14. f4 b5 15. a3 Qa5 16. Rhe1 Qc7 17. Nf5 Bc8 18. Nxd6+ Bxd6 19. Qxd6 Qxd6 20. Rxd6 Rg8 21. Rg1 1/2-1/2

[Event "HUN-chT2 Charousek 1112"]
[Site "Hungary"]
[Date "2012.03.11"]
[Round "7"]
[White "Toth, Tibor"]
[Black "Grimm, Gyorgy"]
[Result "0-1"]
[WhiteElo "1957"]
[BlackElo "1888"]
[PlyCount "86"]
[EventDate "2011.09.25"]
[EventType "team-tourn"]
[EventRounds "11"]
[EventCountry "HUN"]
[SourceTitle "EXT 2013"]
[Source "ChessBase"]
[SourceDate "2012.11.22"]
[SourceVersion "1"]
[SourceVersionDate "2012.11.22"]
[SourceQuality "1"]
[WhiteTeam "Haladas II"]
[BlackTeam "BEAC"]
[WhiteTeamCountry "HUN"]
[BlackTeamCountry "HUN"]

1. e4 c5 2. Nf3 Nc6 3. d4 cxd4 4. Nxd4 Nf6 5. f3 a6 6. c4 e5 7. Nc2 Be7 8. Be3 0-0 9. g3 d6 10. Bg2 Be6 11. b3 b5 12. Nd2 bxc4 13. bxc4 Rc8 14. Qe2 Qa5 15. 0-0 Qa4 16. Rfc1 Na5 17. Ne1 Nxc4 18. Nxc4 Rxc4 19. Rxc4 Bxc4 20. Qb2 Qb5 21. Qc3 Rc8 22. Rc1 Be6 23. Qd2 Rxc1 24. Qxc1 Qc4 25. Qxc4 Bxc4 26. Bf1 Bxf1 27. Kxf1 d5 28. exd5 Nxd5 29. Bd2 Nb4 30. Bxb4 Bxb4 31. Nd3 Bd6 32. Ke2 f5 33. Nb2 Kf7 34. Kd3 Ke6 35. Kc4 g5 36. Nd1 h5 37. Ne3 f4 38. gxf4 exf4 39. Nf1 g4 40. fxg4 hxg4 41. Kd4 Kf5 42. Kd5 Bb4 43. Kc4 Ba5 0-1

[Event "Szombathely op-B"]
[Site "Szombathely"]
[Date "2010.07.31"]
[Round "7"]
[White "Toth, Tibor"]
[Black "Dudas, Szilvia"]
[Result "1/2-1/2"]
[WhiteElo "1995"]
[BlackElo "1830"]
[PlyCount "41"]
[EventDate "2010.07.28"]
[EventType "swiss"]
[EventRounds "9"]
[EventCountry "HUN"]
[SourceTitle "EXT 2012"]
[Source "ChessBase"]
[SourceDate "2011.11.24"]
[SourceVersion "1"]
[SourceVersionDate "2011.11.24"]
[SourceQuality "1"]

1. e4 e5 2. Nf3 Nc6 3. Bc4 Nf6 4. d4 exd4 5. 0-0 Bc5 6. e5 d5 7. exf6 dxc4 8. fxg7 Rg8 9. Re1+ Be6 10. Ng5 Qe7 11. Nxe6 fxe6 12. Qh5+ Kd7 13. Bh6 Nb4 14. Na3 b6 15. Rad1 Qf6 16. Rd2 Nd5 17. Re4 c3 18. Rd3 cxb2 19. Nb1 Qg6 20. Qxg6 hxg6 21. c3 1/2-1/2

[Event "HUN-chT2 Szechenyi 0910"]
[Site "Hungary"]
[Date "2010.02.28"]
[Round "7.7"]
[White "Kiss, Judit"]
[Black "Toth, Tibor"]
[Result "1-0"]
[WhiteElo "2054"]
[BlackElo "1998"]
[PlyCount "55"]
[EventDate "2009.11.08"]
[EventType "team-tourn"]
[EventRounds "11"]
[EventCountry "HUN"]
[SourceTitle "EXT 2011"]
[Source "ChessBase"]
[SourceDate "2010.11.26"]
[SourceVersion "1"]
[SourceVersionDate "2010.11.26"]
[SourceQuality "1"]
[WhiteTeam "Keszthely"]
[BlackTeam "HVSE Infraplan"]
[WhiteTeamCountry "HUN"]
[BlackTeamCountry "HUN"]

1. e4 d5 2. exd5 Nf6 3. Nc3 Nxd5 4. Nxd5 Qxd5 5. d4 Nc6 6. Be3 Bf5 7. c4 Qd7 8. Nf3 e6 9. Be2 0-0-0 10. 0-0 Bg4 11. Qb3 Bd6 12. Rfd1 Rdg8 13. Rac1 g5 14. c5 Bf4 15. Ne5 Bxe5 16. dxe5 Bxe2 17. Rxd7 Kxd7 18. Qc2 Bg4 19. Bxg5 Rg6 20. Bf6 Rhg8 21. Qd2+ Kc8 22. b4 Bf3 23. g3 Bd5 24. b5 Nb8 25. Qa5 Rg4 26. Qxa7 Rb4 27. b6 c6 28. Be7 1-0